000 00584cam a2200217 a 4500
001 sa 63002771
003 DLC
005 20260227111936.0
008 890627s1962 ii 000 f hino
010 _asa 63002771
035 _a(OCoLC)19931783
040 _aDLC
_cDLC
050 0 0 _aPK2098.C5
_bP93 1962
100 1 _aChandar, Krishan.
245 1 0 _aPyāsī dharatī pyāse loga /
_cKr̥śana Candara.
250 _a1. saṃskaraṇa.
260 _aIlāhābāda :
_bLokabhāratī Prakāśana,
_c1962.
300 _a211 p. ;
_c19 cm.
500 _aNovel.
546 _aIn Hindi.
999 _c54653
_d54653